| 000 -LEADER |
| fixed length control field |
01321nam a22001937a 4500 |
| 005 - DATE AND TIME OF LATEST TRANSACTION |
| control field |
20241203150655.0 |
| 008 - FIXED-LENGTH DATA ELEMENTS--GENERAL INFORMATION |
| fixed length control field |
230714b ||||| |||| 00| 0 eng d |
| 040 ## - CATALOGING SOURCE |
| Transcribing agency |
SSBUL |
| 082 ## - DEWEY DECIMAL CLASSIFICATION NUMBER |
| Edition number |
23 |
| Classification number |
၃၀၅.၈၉၅၈ ထွန်း |
| Item number |
၁၆၀၂၂ (S-SAT) |
| 100 ## - MAIN ENTRY--PERSONAL NAME |
| Personal name |
ထွန်းရွှေခိုင်၊ |
| Miscellaneous information |
(စစ်တွေကောလိပ်)။ |
| 9 (RLIN) |
28026 |
| 245 ## - TITLE STATEMENT |
| Title |
ရခိုင်မြောက်ဖျားဒေသမှ သက်တိုင်းရင်းသားများ / |
| Statement of responsibility, etc. |
ထွန်းရွှေခိုင်(စစ်တွေကောလိပ်)။ |
| 260 ## - PUBLICATION, DISTRIBUTION, ETC. |
| Place of publication, distribution, etc. |
ရန်ကုန် ၊ |
| Name of publisher, distributor, etc. |
စစ်သည်တော်စာပေ၊ |
| Date of publication, distribution, etc. |
၁၉၈၈။ |
| 300 ## - PHYSICAL DESCRIPTION |
| Extent |
၁၅၉ စာမျက်နှာ၊ |
| Other physical details |
ရုပ်ပုံများ၊ |
| Dimensions |
၂၃ စင်တီ။ |
| 500 ## - GENERAL NOTE |
| General note |
S-SAT: Sai Aung Tun Collection |
| 650 ## - SUBJECT ADDED ENTRY--TOPICAL TERM |
| Topical term or geographic name entry element |
သက်တိုင်းရင်းသား |
| Form subdivision |
ယဉ်ကျေးမှုနှင့် ဓလေ့ထုံးစံ။ |
| 9 (RLIN) |
28027 |
|
| Topical term or geographic name entry element |
ရခိုင်တိုင်းရင်းသား |
| Form subdivision |
ယဉ်ကျေးမှုနှင့် ဓလေ့ထုံးစံ။ |
| 9 (RLIN) |
28028 |
|
| Topical term or geographic name entry element |
သက်တိုင်းရင်းသား |
| Geographic subdivision |
မြန်မာနိုင်ငံ။ |
| 9 (RLIN) |
54574 |
| 942 ## - ADDED ENTRY ELEMENTS (KOHA) |
| Source of classification or shelving scheme |
|
| Koha item type |
Book (Short term) |